المغني في الضعفاء / (رقم التسجيلة. 26514)

تفاصيل مارك
000 -LEADER
fixed length control field 00607nam a22001817a 4500
005 - DATE AND TIME OF LATEST TRANSACTION
control field 20251108165359.0
008 - FIXED-LENGTH DATA ELEMENTS--GENERAL INFORMATION
fixed length control field 250721s9999 xx 000 0 ara d
082 14 - DEWEY DECIMAL CLASSIFICATION NUMBER
Classification number م/922.13/ذهب
100 1# - MAIN ENTRY--PERSONAL NAME
Personal name الذهبي، شمس الدين أبو عبد الله محمد بن أحمد بن عثمان
245 10 - TITLE STATEMENT
Title المغني في الضعفاء /
264 1# - PRODUCTION, PUBLICATION, DISTRIBUTION, MANUFACTURE, AND COPYRIGHT NOTICE
Place of production, publication, distribution, manufacture الدوحه :
Name of producer, publisher, distributor, manufacturer عبدالله بن إبراهيم الأنصاري،
Date of production, publication, distribution, manufacture, or copyright notice [19-].
300 ## - PHYSICAL DESCRIPTION
Extent
650 17 - SUBJECT ADDED ENTRY--TOPICAL TERM
Topical term or geographic name as entry element الحديث الشريف
650 17 - SUBJECT ADDED ENTRY--TOPICAL TERM
Topical term or geographic name as entry element التراجم
650 17 - SUBJECT ADDED ENTRY--TOPICAL TERM
Topical term or geographic name as entry element رواية الحديث
942 ## - ADDED ENTRY ELEMENTS (KOHA)
Source of classification or shelving scheme Dewey Decimal Classification
Koha item type مراجع
المقتنيات
حالة السحب حالة الفقدان مصدر التصنيف حالة التلف غير قابل للإعارة المكتبة الرئيسية المكتبة الحالية موقع الرف تاريخ التزويد الرقم المتسلسل Total Checkouts رقم الإستدعاء الباركود تاريخ آخر ظهور تاريخ الفاتورة نوع المادة (كوها)
    Dewey Decimal Classification   Not For Loan المكتبة المركزية المكتبة المركزية مراجع 06/07/2004 137032   م/922.13/ذهب 137032 28/07/2025 06/07/2004 مراجع
    Dewey Decimal Classification   Not For Loan المكتبة المركزية المكتبة المركزية مراجع 06/07/2004 137031   م/922.13/ذهب 137031 28/07/2025 06/07/2004 مراجع
    Dewey Decimal Classification   Not For Loan مكتبة حمزة العامة مكتبة حمزة العامة مراجع 06/07/2004 474   م/922.13/ذهب DUP-01_474 28/07/2025 06/07/2004 مراجع
    Dewey Decimal Classification   Not For Loan مكتبة حمزة العامة مكتبة حمزة العامة مراجع 17/05/2015 [475].   م/922.13/ذهب PLD00324531 28/07/2025 17/05/2015 مراجع
Implemented & Customized by: BBB with SCIT (Smart Chains for Information Technology)

Powered by Koha